000 01871nam a2200313 4500
001 241
003 OSt
005 20250528074016.0
008 250206b |||||||e |||| 00| 1 eng d
020 _a8532507581
040 _bpor
041 _heng
_apor
082 _a823
_bF667t
100 1 _aFollett, Ken,
_d1949-
_9453
240 _aThe third twin
245 _aO terceiro gêmeo /
_cFollett, Ken ; Tradução de Haroldo Netto
260 _aRio de Janeiro
_bRocco
_c1997
300 _a517 p.
520 _aJeannie Ferrami é uma brilhante pesquisadora universitária que quer provar que indivíduos geneticamente predispostos a atitudes agressivas podem sublimar essas características através de uma educação adequada. Ela desenvolve suas pesquisas através de um software, capaz de identificar gêmeos idênticos criados separadamente. Recorrendo às informações médicas de milhões de pessoas, contidas em bancos de dados, ela descobre um par ideal: um é criminoso e o outro, um cidadão exemplar. Entretanto Jeannie se depara com uma situação impossível: os gêmeos são idênticos, mas nascidos de diferentes mães, em diferentes datas. A descoberta deixa Jeannie em sérios apuros. Ela começa a enfrentar a perseguição de seu chefe, Berrington Jones, uma autoridade mundial em engenharia genética e sócio de uma companhia de manipulação genética, a Genetico Inc. A empresa está prestes a ser vendida para uma companhia européia por US$ 180 milhões, e a revelação dessa experiência pode colocar em risco a conclusão desse lucrativo negócio.
650 0 _aLiteratura Inglesa
_989
650 0 _aCrime e Investigação
_913
650 0 _aMedicina
_9319
650 0 _aSuspense
_910
650 0 _aPsicológico
_985
655 0 _aRomance
_923
655 0 _aFicção
_922
700 _aHaroldo Netto
_eTradutor
_9450
942 _2ddc
_n0
_cBK
999 _c241
_d241